000 00600nam a2200193Ia 4500
003 GCL
008 140319s9999 xx 000 0 ara d
040 _aGCL /
_cGCL
082 0 4 _a327.12
_bص ح
100 1 _aصلاح نصر
245 1 0 _aالحرب الخفية : فلسفة الجاسوسية ومقاومتها /
_cصلاح نصر
300 _a431 ص
490 _aالهيئة العامة للاستعلامات
_v0
650 0 4 _aالسياسة
650 0 4 _aالعلاقات الدولية
650 0 4 _aالجرائم الدولية
650 0 4 _aالجاسوسية
942 _2ddc
_cBK
999 _c49166
_d49166